|
|
|
|
| LEADER |
00000css a2200000 a 4500 |
| 001 |
68731 |
| 003 |
Ucuenca |
| 005 |
20240113063045.0 |
| 008 |
000102|1998 sp |||||r|||||||||||spa|| |
| 022 |
|
|
|a 1137-4144
|
| 040 |
|
|
|b spa
|
| 041 |
0 |
|
|a spa
|
| 082 |
0 |
|
|a 805
|b C386c
|
| 110 |
1 |
|
|a Centro Extremeño de Estudios y Cooperación con Iberoamérica
|g CEXECI
|9 241177
|
| 245 |
|
|
|a Con eñe. Revista de Cultura Hispanoamericana
|c Centro Extremeño de Estudios y Cooperación con Iberoamérica
|h imp
|
| 264 |
|
|
|a Cáceres
|b CEXICI
|c 1998
|
| 300 |
|
|
|a 106 páginas:
|b ilu
|c 28,5 cm
|
| 362 |
|
|
|a no. 4 (1998)
|
| 650 |
|
|
|a Humboldt y la ecologia
|9 203223
|
| 650 |
|
7 |
|a Ecología
|9 9
|
| 650 |
|
|
|a Revista con eñe
|9 203063
|
| 650 |
|
|
|a Biodiversidad latinoamericano
|9 203225
|
| 852 |
|
|
|a UC-CDJBV
|f Donación
|k npena
|l 1
|m General
|p 20001027
|q 25000.00
|r 2
|t 68731
|b 0
|d CDRC
|e CDRC
|g 805 C386c TERCER PISO (SECCION REVISTAS)
|z 2000-01-02
|
| 942 |
|
|
|c SER
|
| 999 |
|
|
|c 139654
|d 139654
|